Pokémon X/Y Pokédex - Statistics

General Stats
  • This quiz has been taken 72 times
  • The average score is 148 of 457
Answer Stats
Picture Answer % Correct
Chespin
87%
Froakie
78%
Greninja
74%
Fletchling
70%
Pikachu
70%
Raichu
70%
Butterfree
65%
Caterpie
65%
Fennekin
65%
Kakuna
65%
Pichu
65%
Weedle
65%
Beedrill
61%
Metapod
61%
Pidgeot
61%
Pidgeotto
61%
Pidgey
61%
Psyduck
61%
Abra
57%
Azumarill
57%
Blastoise
57%
Bulbasaur
57%
Bunnelby
57%
Charizard
57%
Charmander
57%
Frogadier
57%
Gyarados
57%
Ivysaur
57%
Magikarp
57%
Squirtle
57%
Talonflame
57%
Venusaur
57%
Bidoof
52%
Braixen
52%
Charmeleon
52%
Delphox
52%
Diggersby
52%
Doduo
52%
Fletchinder
52%
Kadabra
52%
Lucario
52%
Marill
52%
Snorlax
52%
Wartortle
52%
Alakazam
48%
Cubone
48%
Diglett
48%
Ditto
48%
Dugtrio
48%
Eevee
48%
Ekans
48%
Farfetch'd
48%
Gardevoir
48%
Gengar
48%
Geodude
48%
Gloom
48%
Golduck
48%
Jigglypuff
48%
Machamp
48%
Machoke
48%
Mewtwo
48%
Mr. Mime
48%
Oddish
48%
Onix
48%
Ralts
48%
Riolu
48%
Staryu
48%
Tentacool
48%
Zubat
48%
Arbok
43%
Bellsprout
43%
Bibarel
43%
Chesnaught
43%
Dodrio
43%
Dragonite
43%
Dunsparce
43%
Espeon
43%
Flareon
43%
Gallade
43%
Gastly
43%
Glaceon
43%
Golbat
43%
Golem
43%
Haunter
43%
Horsea
43%
Jolteon
43%
Lapras
43%
Leafeon
43%
Lickitung
43%
Machop
43%
Marowak
43%
Moltres
43%
Nidoking
43%
Nidoqueen
43%
Nidoran
43%
Nidorina
43%
Nidorino
43%
Pansage
43%
Pinsir
43%
Rhydon
43%
Sandshrew
43%
Seaking
43%
Simisage
43%
Skitty
43%
Slowbro
43%
Slowpoke
43%
Starmie
43%
Steelix
43%
Tentacruel
43%
Umbreon
43%
Vaporeon
43%
Vileplume
43%
Wigglytuff
43%
Zigzagoon
43%
Absol
39%
Articuno
39%
Axew
39%
Azurill
39%
Crobat
39%
Dragonair
39%
Dratini
39%
Fearow
39%
Garchomp
39%
Goldeen
39%
Graveler
39%
Hoopa
39%
Kangaskhan
39%
Munchlax
39%
Nidoran
39%
Panpour
39%
Pansear
39%
Poliwag
39%
Poliwhirl
39%
Quilladin
39%
Rhyhorn
39%
Rotom
39%
Sandslash
39%
Scraggy
39%
Seadra
39%
Sharpedo
39%
Simipour
39%
Simisear
39%
Slowking
39%
Spearow
39%
Sudowoodo
39%
Surskit
39%
Sylveon
39%
Vivillon
39%
Wailord
39%
Zapdos
39%
Cloyster
35%
Croagunk
35%
Dedenne
35%
Delcatty
35%
Diancie
35%
Electrode
35%
Espurr
35%
Flabébé
35%
Gible
35%
Igglybuff
35%
Inkay
35%
Jynx
35%
Kingdra
35%
Kirlia
35%
Ledyba
35%
Linoone
35%
Litleo
35%
Loudred
35%
Magnemite
35%
Magneton
35%
Mareep
35%
Mawile
35%
Minun
35%
Ninjask
35%
Pancham
35%
Plusle
35%
Poliwrath
35%
Rhyperior
35%
Salamence
35%
Scatterbug
35%
Scrafty
35%
Scyther
35%
Shellder
35%
Slugma
35%
Solrock
35%
Spewpa
35%
Spoink
35%
Voltorb
35%
Wailmer
35%
Woobat
35%
Xerneas
35%
Abomasnow
30%
Aerodactyl
30%
Altaria
30%
Aron
30%
Audino
30%
Bagon
30%
Budew
30%
Chandelure
30%
Combee
30%
Crawdaunt
30%
Exeggcute
30%
Exeggutor
30%
Exploud
30%
Foongus
30%
Goodra
30%
Gothita
30%
Gulpin
30%
Hawlucha
30%
Haxorus
30%
Helioptile
30%
Hoothoot
30%
Hoppip
30%
Houndoom
30%
Houndour
30%
Litwick
30%
Ludicolo
30%
Malamar
30%
Mime Jr.
30%
Nincada
30%
Quagsire
30%
Roselia
30%
Sableye
30%
Scizor
30%
Sentret
30%
Shedinja
30%
Solosis
30%
Tauros
30%
Timburr
30%
Toxicroak
30%
Tyrunt
30%
Victreebel
30%
Weavile
30%
Weepinbell
30%
Wingull
30%
Wobbuffet
30%
Wooper
30%
Aggron
26%
Amoonguss
26%
Ampharos
26%
Bergmite
26%
Burmy
26%
Carvanha
26%
Chimecho
26%
Chinchou
26%
Conkeldurr
26%
Corphish
26%
Delibird
26%
Ducklett
26%
Durant
26%
Electrike
26%
Flaaffy
26%
Floatzel
26%
Flygon
26%
Furret
26%
Gabite
26%
Grumpig
26%
Heracross
26%
Hydreigon
26%
Klefki
26%
Krookodile
26%
Lairon
26%
Lampent
26%
Larvitar
26%
Lickilicky
26%
Lotad
26%
Luvdisc
26%
Magnezone
26%
Makuhita
26%
Mamoswine
26%
Manectric
26%
Medicham
26%
Miltank
26%
Murkrow
26%
Noibat
26%
Noivern
26%
Pachirisu
26%
Pelipper
26%
Politoed
26%
Poochyena
26%
Pupitar
26%
Pyroar
26%
Qwilfish
26%
Roggenrola
26%
Roserade
26%
Sandile
26%
Sawk
26%
Seviper
26%
Shuckle
26%
Skarmory
26%
Skiddo
26%
Smeargle
26%
Smoochum
26%
Sneasel
26%
Snover
26%
Swalot
26%
Swanna
26%
Swoobat
26%
Taillow
26%
Throh
26%
Torkoal
26%
Trapinch
26%
Trubbish
26%
Tyranitar
26%
Ursaring
26%
Vibrava
26%
Volcanion
26%
Whismur
26%
Wynaut
26%
Yanma
26%
Zorua
26%
Zweilous
26%
Aegislash
22%
Alomomola
22%
Ariados
22%
Banette
22%
Barboach
22%
Basculin
22%
Beartic
22%
Binacle
22%
Bisharp
22%
Bonsly
22%
Buizel
22%
Carnivine
22%
Chatot
22%
Chingling
22%
Clauncher
22%
Clawitzer
22%
Cubchoo
22%
Deino
22%
Drapion
22%
Drifblim
22%
Drifloon
22%
Druddigon
22%
Emolga
22%
Floette
22%
Fraxure
22%
Furfrou
22%
Gligar
22%
Gliscor
22%
Gogoat
22%
Golett
22%
Golurk
22%
Goomy
22%
Gorebyss
22%
Granbull
22%
Honchkrow
22%
Huntail
22%
Illumise
22%
Jumpluff
22%
Karrablast
22%
Kecleon
22%
Krokorok
22%
Lanturn
22%
Ledian
22%
Lombre
22%
Lunatone
22%
Magcargo
22%
Mantyke
22%
Masquerain
22%
Meditite
22%
Meowstic
22%
Mienfoo
22%
Mightyena
22%
Mothim
22%
Noctowl
22%
Nosepass
22%
Octillery
22%
Pangoro
22%
Patrat
22%
Piloswine
22%
Pumpkaboo
22%
Relicanth
22%
Remoraid
22%
Shelgon
22%
Shuppet
22%
Skiploom
22%
Skorupi
22%
Skuntank
22%
Sliggoo
22%
Snubbull
22%
Spinarak
22%
Spinda
22%
Staravia
22%
Starly
22%
Stunfisk
22%
Stunky
22%
Swablu
22%
Swellow
22%
Swinub
22%
Vanillish
22%
Vanillite
22%
Vanilluxe
22%
Vespiquen
22%
Volbeat
22%
Whirlipede
22%
Whiscash
22%
Yanmega
22%
Yveltal
22%
Zangoose
22%
Zoroark
22%
Zygarde
22%
Avalugg
17%
Bellossom
17%
Carbink
17%
Clamperl
17%
Corsola
17%
Crustle
17%
Cryogonal
17%
Doublade
17%
Duosion
17%
Dwebble
17%
Ferroseed
17%
Florges
17%
Garbodor
17%
Gothitelle
17%
Gothorita
17%
Gurdurr
17%
Hariyama
17%
Heatmor
17%
Heliolisk
17%
Honedge
17%
Mantine
17%
Mienshao
17%
Pawniard
17%
Phantump
17%
Reuniclus
17%
Scolipede
17%
Shelmet
17%
Skrelp
17%
Slurpuff
17%
Staraptor
17%
Swirlix
17%
Teddiursa
17%
Trevenant
17%
Venipede
17%
Wormadam
17%
Accelgor
13%
Amaura
13%
Boldore
13%
Dragalge
13%
Escavalier
13%
Ferrothorn
13%
Gigalith
13%
Gourgeist
13%
Hippopotas
13%
Hippowdon
13%
Liepard
13%
Probopass
13%
Purrloin
13%
Sigilyph
13%
Spritzee
13%
Watchog
13%
Aromatisse
9%
Aurorus
9%
Barbaracle
9%
Tyrantrum
9%
No matching quizzes found
Score Distribution
Percent of People with Each Score
Percentile by Number Answered
Your Score History
You have not taken this quiz